Recopilación de leyes y reglamentos. Con índices numérico, por Ministerios, Temático y de Notas
Պահպանված է:
| Համատեղ հեղինակ: | |
|---|---|
| Ձևաչափ: | Գիրք |
| Լեզու: | իսպաներեն |
| Հրապարակվել է: |
Santiago
Contraloría General de la República
2007
|
| Խորագրեր: | |
| Ցուցիչներ: |
Ավելացրեք ցուցիչ
Չկան պիտակներ, Եղեք առաջինը, ով նշում է այս գրառումը!
|
MARC
| LEADER | 00000nam a2200000 a 4500 | ||
|---|---|---|---|
| 001 | UCI1807 | ||
| 003 | CL-VaPUC | ||
| 008 | 070720e20070000CL |||||||||||||||||spa|d | ||
| 082 | 0 | 4 | |a 348.022 |b CON |2 21 |
| 110 | 2 | |a Contraloría General de la República |e author |9 522533 | |
| 245 | 1 | 0 | |a Recopilación de leyes y reglamentos. Con índices numérico, por Ministerios, Temático y de Notas |
| 300 | |a t | ||
| 942 | |c BK | ||
| 945 | |d 20070720 00:00:00 |a rbrito | ||
| 260 | |a Santiago |b Contraloría General de la República |c 2007 | ||
| 500 | |a Comprende desde la ley 20.097, de 8 de abril, a la ley 20.122, de 28 de septiembre de 2006, y reglamentos públicados de marzo a agosto del mismo año | ||
| 500 | |a Donación profesor Fernando Recio Olguín | ||
| 650 | 7 | |a DECRETOS |2 CL-VaPUC |9 309678 | |
| 650 | 7 | |a DECRETOS CON FUERZA DEL LEY |2 CL-VaPUC |9 522534 | |
| 650 | 7 | |a DECRETOS SUPREMOS |2 CL-VaPUC |9 396008 | |
| 650 | 0 | |a Fuentes del derecho |9 255162 | |
| 650 | 7 | |a LEY 20.097 |2 CL-VaPUC |9 522535 | |
| 650 | 7 | |a LEY 20.122 |2 CL-VaPUC |9 522536 | |
| 651 | 7 | |a CHILE |2 CL-VaPUC |9 522537 | |
| 583 | |a last modification |c 20070720 00:00:00 |k Rodrigo Vera | ||
| 999 | |c 326542 |d 326540 | ||
| 952 | |0 0 |1 0 |4 0 |6 348_022000000000000_CON_2007 |7 0 |8 F |9 408466 |a BIBDER |b BIBDER |d 2019-11-22 |h t.134 |i 4355490 |o 348.022 CON 2007 |p 4355490 |r 2023-01-25 |w 2019-11-22 |y BK_F |k DER | ||
| 952 | |0 0 |1 0 |4 0 |6 348_022000000000000_CON_2007 |7 0 |8 X |9 408467 |a BIBHIS |b BIBHIS |d 2019-11-22 |h t.134 |i 2129434 |o 348.022 CON 2007 |p 2129434 |r 2024-01-30 |w 2019-11-22 |y BK_X |k HIS | ||